00505 a2200169 4500008004100000010001700041020003500058035001700093037000800110040001700118082000600135100002100141245004900162260003500211270006800246300002100314090314t xxu||||| |||| 00| 0 eng d aB-295895-920 c195.00, 300.00a9780143029588 aB-295895-920 bUBH adplbEnglish aN aDe Souza, Eunice aDev & Simran:cby Eunice de Souzaba noval / aNew DelhibPenguin Booksc2003 bNew DelhicDelhia11 community center, Panchsheel Park e110017 a127pc20cm.(pbk)